Journal of International Council on Electrical Engineering
| Autores Corporativos: | , |
|---|---|
| Formato: | Electrónico Seriadas |
| Lenguaje: | inglés |
| Publicado: |
[Seoul, Korea] :
[Korean Institute of Electrical Engineers]
[2011-]
Abingdon, Oxfordshire, UK : Routledge, Taylor & Francis |
| Materias: | |
| Acceso en línea: | Full text available from Research Library: 12/01/2017 to 12/31/2017 Full text available from Research Library: 01/01/2019 to present |
MARC
| LEADER | 00000nas a22000007i 4500 | ||
|---|---|---|---|
| 001 | ssj0001255663 | ||
| 003 | WaSeSS | ||
| 005 | 20200512172242.0 | ||
| 006 | m d | ||
| 007 | cr n | ||
| 008 | 140613c20119999enkar s 0 a0eng | ||
| 010 | |a 2014200116 | ||
| 015 | |a GBB5H2189 |2 bnb | ||
| 016 | 7 | |a 017111109 |2 Uk | |
| 022 | |a 2234-8972 |y 2233-5951 | ||
| 035 | |a (WaSeSS)ssj0001255663 | ||
| 037 | |b Routledge, Taylor & Francis, 4 Park Square, Milton Park, Abingdon, Oxfordshire, United Kingdom OX14 4RN | ||
| 040 | |a DLC |b eng |c DLC |d DLC |d OCLCO |d IUL |d OCLCF |d DLC |d OCLCO |d DLC |d CUS |d NLE |d UKMGB |d VT2 |d UAB |d U3W |d WaSeSS | ||
| 042 | |a pcc |a nsdp | ||
| 050 | 0 | 0 | |a TK1.A1 |
| 082 | 1 | 0 | |a 621.3 |2 23 |
| 210 | 0 | |a J. Int. Counc. Electr. Eng. |b (Online) | |
| 222 | 0 | |a Journal of International Council on Electrical Engineering |b (Online) | |
| 245 | 0 | 0 | |a Journal of International Council on Electrical Engineering |h [electronic resource]. |
| 246 | 1 | |a JICEE | |
| 260 | |a [Seoul, Korea] : |b [Korean Institute of Electrical Engineers] |c [2011-] | ||
| 260 | 3 | |3 <2015-> : |a Abingdon, Oxfordshire, UK : |b Routledge, Taylor & Francis | |
| 310 | |a Annual | ||
| 362 | 1 | |a Began with Volume 1, Issue 1 (2011). | |
| 506 | |a License restrictions may limit access. | ||
| 588 | |a Description based on: Volume 1, Issue 1 (2011); title from journal home page (Taylor & Francis website viewed Aug. 20, 2015). | ||
| 588 | |a Latest issue consulted: Volume 5, Issue 1 (2015) (viewed Aug. 20, 2105). | ||
| 650 | 0 | |a Electrical engineering |v Periodicals. | |
| 650 | 7 | |a Electrical engineering. |2 fast |0 (OCoLC)fst01728596 | |
| 655 | 0 | |a Electronic journals. | |
| 710 | 2 | |a Taehan Chŏn'gi Hakhoe. | |
| 710 | 2 | |a International Council on Electrical Engineering. | |
| 776 | 0 | 8 | |i Print version: |t Journal of International Council on Electrical Engineering |x 2233-5951 |w (DLC) 2014200115 |w (OCoLC)762545082 |
| 850 | |a DLC | ||
| 856 | 4 | 0 | |z Full text available from Research Library: 12/01/2017 to 12/31/2017 |u https://search.proquest.com/publication/3934958 |
| 856 | 4 | 0 | |z Full text available from Research Library: 01/01/2019 to present |u https://search.proquest.com/publication/3934958 |